| 000 | | | 06538cmm0a2200000 x 450 |
| 001 | | | 2c4ac4ab-dbc9-455d-9cbf-bb55b77c0e8c |
| 005 | | | 20161010114857.0 |
| 100 | ## | $a | 20131006l18311836k y0rusy0189 ca |
| 101 | 0# | $a | rus |
| 102 | ## | $a | RU |
| 225 | 0# | $a | Фонд Техническо-строительный комитет МВД |
| | $h | Опись № 167 |
| | $i | Разные планы, чертежи и карты |
| 324 | ## | $a | Графика |
| 801 | #0 | $a | RU |
| | $b | РГИА |
| | $c | 20131006 |
| 801 | #1 | $a | RU |
| | $b | ГлавНИВЦ |
| | $c | 20131006 |
| | $2 | rusmarc |
| 801 | #2 | $a | RU |
| | $b | ПБ им. Б.Н. Ельцина |
| | $c | 20131007 |
| | $g | RCR |
| | $2 | rusmarc |
| 850 | ## | $a | Федеральное казенное учреждение "Российский государственный исторический архив" (РГИА) |
| 852 | ## | $a | РГИА |
| | $j | 169 |
| 937 | ## | $a | ASBIBLIO_SCAN |
| | $b | РГИА_1293:_167:Разные планы,чертежи и карты_169: |
| | $d | 6322829 |
| | $h | РГИА |
| 200 | 1# | $a | Проект памятника Н. М. Карамзину и Сусанину. Составил академик Брюлов |
| | $e | б/д |
| | $j | [1831-1836] |
| 215 | ## | $a | 10 листов |
| 035 | ## | $a | 2c4ac4ab-dbc9-455d-9cbf-bb55b77c0e8c |
| 461 | #0 | $1 | 001597a3917-b61a-443f-a337-cac2b95e7413 |
| | $1 | 2001 |
| | $a | Техническо-строительный комитет МВД |
| | $1 | 251 |
| | $c | Фонд |
| | $1 | 852 |
| | $j | 1293 |
| 251 | ## | $c | Дело |
| 600 | #1 | $2 | nlr_sh |
| | $3 | RU\NLR\AUTH\66490717 |
| | $a | Карамзин |
| | $b | Н.М. |
| | $f | 1766 - 1826 |
| | $g | Николай Михайлович |
| | $j | Чертежи |
| 600 | #1 | $a | Сусанин |
| | $b | И.О. |
| | $f | ? - 1613 |
| | $g | Иван Осипович |
| | $j | Чертежи |
| | $2 | nlr_sh |
| | $3 | RU\NLR\AUTH\66587069 |
| 600 | #1 | $a | Брюллов |
| | $b | А.П. |
| | $f | 1798 - 1877 |
| | $g | Александр Павлович |
| | $2 | nlr_sh |
| | $3 | RU\NLR\AUTH\6686194 |
| | $j | Чертежи |
| 605 | ## | $2 | acquisition_Prlib |
| | $3 | LIBNET\UAF\0000061240 |
| | $a | Н. М. Карамзин |
| | $l | коллекция |
| 605 | ## | $a | Народ |
| | $l | коллекция |
| | $2 | acquisition_Prlib |
| | $3 | DITM\AF\0000003834 |
| 605 | ## | $a | Территория |
| | $l | коллекция |
| | $2 | acquisition_Prlib |
| | $3 | DITM\AF\0000004675 |
| 686 | ## | $a | 63.3(2)5я6 |
| | $v | LBC/M |
| | $2 | rubbk |
| 606 | 1# | $2 | nlr_sh |
| | $3 | RU\NLR\AUTH\661270364 |
| | $a | Памятники истории и культуры |
| | $j | Чертежи |
| | $y | Россия |
| 122 | 2# | $a | d1831###### |
| | $a | d1836###### |
| 124 | ## | $a | a |
| | $b | j |
| 300 | ## | $a | Бумага. Тушь, карандаш, акварель |
| 300 | ## | $a | Рукописный текст. Чернила |
| 300 | ## | $a | Оригинальный заголовок дела: Проекты памятника Н. М. Карамзину и Сусанину. Сост. А. Брюллов, А. Тон, Н. Мейер, А. Демут-Малиновский : 1831-1836 |
| 517 | 1# | $a | Проекты памятника Н. М. Карамзину и Сусанину. Сост. А. Брюллов, А. Тон, Н. Мейер, А. Демут-Малиновский |
| | $e | 1831-1836 |
| 462 | #0 | $1 | 001fafdb4b7-ce1b-410d-a7bc-2f6395fc13b7 |
| | $1 | 2001 |
| | $a | Разные планы, чертежи и карты |
| | $v | Д. 169 |
| | $1 | 251 |
| | $c | Опись |
| | $1 | 852 |
| | $j | 167 |
| 856 | 4# | $u | http://www.prlib.ru/Lib/pages/item.aspx?itemid=142217 |